Statistiques concernant Shadowhunters

Cliquez ici pour prendre le quiz!

Statistiques générales

  • Ce quiz a été pris 491 fois
  • Le résultat moyen est 8 sur 15

Statistiques - réponses

HintAnswer% Correct
Fille rousseClary
96%
Parabatai de WaylandAlec
94%
Grand sorcier de BrooklynMagnus
92%
WaylandJace
91%
Meilleur ami de la fille rousseSimon
68%
Instrument mortel 1Coupe
67%
Instrument mortel 2Epée
60%
Dirigeant du cercleValentin
48%
Instrument mortel 3Miroir
43%
jene frère lightwoodMax
27%
chef des loups-garousluke
26%
fille noire loup-garouMaia
25%
Meilleur ami du grand sorcierRagnor
17%
Meilleure amie du grand sorcierCatarina
14%
Fils du dirigeant du cercleSébastien
6%

Distribution des résultats

Percentile par nombre de réponses

% des personnes avec chaque résultat

Votre développement - résultats

Vous n’avez pas pris ce quiz